| 000 | 00818dam2a22002531 4500 | ||
|---|---|---|---|
| 001 | v19\rc\2016052 | ||
| 005 | 20250620015054.0 | ||
| 035 | _a(NLR Aleph) 005119072 | ||
| 090 |
_a7574727 _c7574727 |
||
| 100 | _a20080925d1906 |||y0rusy50 ca | ||
| 101 | 0 | _arus | |
| 102 | _aRU | ||
| 105 | _ay z ||||| | ||
| 200 | 1 | _aЭтика | |
| 210 |
_d1906 _aБ. м. |
||
| 461 | 0 |
_1001v19\rc\2016007 _12001#$aБиблиотека самообразования$vВып. 9 _97574280 _cСанкт-Петербург _d1903-1908 _nБрокгауз-Ефрон _tБиблиотека самообразования _vВып. 9 |
|
| 700 | 1 |
_aАхелис _bТ. |
|
| 801 | 0 |
_aRU _bNLR _gpsbo |
|
| 801 | 1 |
_aRU _bProSoft-M _2rusmarc |
|
| 852 |
_aNLR _j45/48 |
||
| 852 |
_aNLR _j18.390.5.3 |
||
| 942 | _cBOOK | ||
| 980 | _aNB | ||